Random Mario Kart characters Anagrams - Statistics

General Stats
  • This quiz has been taken 16 times
  • The average score is 6 of 15
Answer Stats
Anagram Character % Correct
UCAQATAKC Cataquack
100%
CDOKNOR Conkdor
100%
OWC Cow
100%
ADYSI Daisy
100%
GIYG Iggy
100%
AKEKM Kamek
100%
AIMOR Mario
100%
IMI Mii
100%
RPAOAPORAT Paratroopa
100%
ACEHP Peach
100%
ACTEHPETE Peachette
100%
EPEPA Peepa
100%
IGNEPUN Penguin
100%
CHOOPY Poochy
100%
ORY Roy
100%
YGHSUY Shy Guy
100%
EIKPS Spike
100%
ADTO Toad
100%
TATDETOE Toadette
100%
IAGILUW Waluigi
100%
HIOSY Yoshi
100%
BRO R.O.B.
75%
DGIKNDOYD Diddy Kong
67%
GILUI Luigi
67%
OABGMO Goomba
50%
OKAOP Koopa
50%
DIGLUW Ludwig
50%
ABBINT Nabbit
50%
RSDTEPEISEP Sidestepper
50%
AMNOSWN Snowman
50%
BYGINST Stingby
50%
EDWNY Wendy
50%
BEORSW Bowser
33%
ODNEGKNOYK Donkey Kong
33%
EHNOEQUYEN Honey Queen
33%
AIORW Wario
33%
ABDAISBYY Baby Daisy
0%
ABAHIMENOYRB Baby Harmonie
0%
BYIAGILBU Baby Luigi
0%
ABAIMYOBR Baby Mario
0%
EABCYBAHP Baby Peach
0%
BDIOR Birdo
0%
BIKLNY Blinky
0%
RABEORGMNOBO Boomerang Bro
0%
RBEJORSW Bowser Jr.
0%
AHACEPTC Cat Peach
0%
CACGHCKINRHU Chargin' Chuck
0%
CCEEEEHHPP Cheep Cheep
0%
CIFNEOCFRO Coin Coffer
0%
IDEGIKNOX Dixie Kong
0%
ODHENPL Dolphin
0%
NACDHNO Don-Chan
0%
KDEGJKNORYON Donkey Kong Jr.
0%
BDENORSY Dry Bones
0%
RBEDORSWY Dry Bowser
0%
BEROFIR Fire Bro
0%
BEFHINOS Fish Bone
0%
KFGKNOUYN Funky Kong
0%
OAGIMOLRD Gold Mario
0%
OMAREHMRB Hammer Bro
0%
BCEIOR Ice Bro
0%
GINIKLN Inkling
0%
ABELSLIE Isabelle
0%
OIBOGBKNMB King Bob-Omb
0%
IOBKNOG King Boo
0%
AIKLTU Lakitu
0%
ALRYR Larry
0%
EMLYM Lemmy
0%
IKNL Link
0%
MACEHIMT Mametchi
0%
AILMORTAME Metal Mario
0%
ASCIMANPSM Miss Pac-Man
0%
ELMNOTMOY Monty Mole
0%
TRMONO Morton
0%
ACMNPA Pac-Man
0%
ABDIPDURBDAY Para-Biddybud
0%
AEILNPU Pauline
0%
ARYPHIEANTPE Petey Piranha
0%
AINPTA Pianta
0%
ACIDEGHKPLNOP Pink Gold Peach
0%
NAHAIPLNPART Piranha Plant
0%
EKOPY Pokey
0%
CERKNOCRWYH Rocky Wrench
0%
AILONARS Rosalina
0%
EPORSWO Swooper
0%
AOIKMNORTOIA Tanooki Mario
0%
AEGILRLV Villager
0%
IEGLRGW Wiggler
0%
No matching quizzes found
Score Distribution
Percent of People with Each Score
Percentile by Number Answered
Your Score History
You have not taken this quiz